<?xml version="1.0" encoding="UTF-8"?>
<record
    xmlns:xsi="http://www.w3.org/2001/XMLSchema-instance"
    xsi:schemaLocation="http://www.loc.gov/MARC21/slim http://www.loc.gov/standards/marcxml/schema/MARC21slim.xsd"
    xmlns="http://www.loc.gov/MARC21/slim">

  <leader>01053nam a22002537a 4500</leader>
  <controlfield tag="005">2011080406576.0</controlfield>
  <controlfield tag="008">090728t        xxu||||| |||| 00| 0 pun d</controlfield>
  <datafield tag="010" ind1=" " ind2=" ">
    <subfield code="a">PUN-7154</subfield>
  </datafield>
  <datafield tag="020" ind1=" " ind2=" ">
    <subfield code="c">250.00</subfield>
  </datafield>
  <datafield tag="035" ind1=" " ind2=" ">
    <subfield code="a">PN-6272</subfield>
  </datafield>
  <datafield tag="037" ind1=" " ind2=" ">
    <subfield code="b">DBAD / PUB</subfield>
  </datafield>
  <datafield tag="040" ind1=" " ind2=" ">
    <subfield code="a">dpl</subfield>
    <subfield code="b">pn</subfield>
  </datafield>
  <datafield tag="082" ind1=" " ind2=" ">
    <subfield code="a">025</subfield>
  </datafield>
  <datafield tag="100" ind1=" " ind2=" ">
    <subfield code="9">24414</subfield>
    <subfield code="a">&#xA38;&#xA24;&#xA40;&#xA1C;&#xA3E;, &#xA10;&#xA71;&#xA2E;.&#xA2A;&#xA40;</subfield>
  </datafield>
  <datafield tag="245" ind1=" " ind2=" ">
    <subfield code="a">&#xA21;&#xA3F;&#xA0A;&#xA08; &#xA26;&#xA38;&#xA3C;&#xA2E;&#xA32;&#xA35; &#xA35;&#xA30;&#xA17;&#xA40;&#xA15;&#xA30;&#xA23; /</subfield>
    <subfield code="b">&#xA10;&#xA71;&#xA2E;.&#xA2A;&#xA40; &#xA38;&#xA24;&#xA40;&#xA1C;&#xA3E; &#xA24;&#xA47; &#xA38;&#xA41;&#xA16;&#xA26;&#xA47;&#xA35; &#xA38;&#xA3F;&#xA70;&#xA18;</subfield>
  </datafield>
  <datafield tag="246" ind1=" " ind2=" ">
    <subfield code="a">Dewey Decimal Classifications</subfield>
    <subfield code="b">by M.P.Satija</subfield>
  </datafield>
  <datafield tag="260" ind1=" " ind2=" ">
    <subfield code="a">&#xA2A;&#xA1F;&#xA3F;&#xA06;&#xA32;&#xA3E;</subfield>
    <subfield code="b">&#xA2E;&#xA26;&#xA3E;&#xA28; &#xA2C;&#xA41;&#xA71;&#xA15; &#xA39;&#xA3E;&#xA09;&#xA38;</subfield>
    <subfield code="c">2011</subfield>
  </datafield>
  <datafield tag="270" ind1=" " ind2=" ">
    <subfield code="a">&#xA2A;&#xA70;&#xA1C;&#xA3E;&#xA2C;&#xA40; &#xA2F;&#xA42;&#xA28;&#xA40;&#xA35;&#xA30;&#xA38;&#xA3F;&#xA1F;&#xA40; </subfield>
    <subfield code="b">&#xA2A;&#xA1F;&#xA3F;&#xA06;&#xA32;&#xA3E;</subfield>
    <subfield code="e">147002</subfield>
    <subfield code="k">0175-2283315</subfield>
  </datafield>
  <datafield tag="300" ind1=" " ind2=" ">
    <subfield code="a">163p.</subfield>
    <subfield code="c">22&#xA38;&#xA47;&#xA2E;&#xA40;.</subfield>
  </datafield>
  <datafield tag="600" ind1=" " ind2=" ">
    <subfield code="9">31401</subfield>
  </datafield>
  <datafield tag="700" ind1=" " ind2=" ">
    <subfield code="9">35589</subfield>
    <subfield code="a">&#xA38;&#xA41;&#xA16;&#xA26;&#xA47;&#xA35; &#xA38;&#xA3F;&#xA70;&#xA18;</subfield>
  </datafield>
  <datafield tag="942" ind1=" " ind2=" ">
    <subfield code="2">ddc</subfield>
    <subfield code="c">PN</subfield>
    <subfield code="h">025</subfield>
    <subfield code="m">&#xA38;&#xA24;&#xA40;&#xA1C;&#xA3E;</subfield>
  </datafield>
  <datafield tag="999" ind1=" " ind2=" ">
    <subfield code="c">57883</subfield>
    <subfield code="d">57883</subfield>
  </datafield>
  <datafield tag="952" ind1=" " ind2=" ">
    <subfield code="0">0</subfield>
    <subfield code="1">0</subfield>
    <subfield code="2">ddc</subfield>
    <subfield code="4">0</subfield>
    <subfield code="7">0</subfield>
    <subfield code="8">NFIC</subfield>
    <subfield code="a">DBAD</subfield>
    <subfield code="b">DBAD</subfield>
    <subfield code="d">2011-10-28</subfield>
    <subfield code="e">DBAD/PUB</subfield>
    <subfield code="g">250.00</subfield>
    <subfield code="l">0</subfield>
    <subfield code="o">025 &#xA38;&#xA24;&#xA40;&#xA1C;&#xA3E;</subfield>
    <subfield code="p">PN-6272</subfield>
    <subfield code="r">2011-10-28 00:00:00</subfield>
    <subfield code="t">1</subfield>
    <subfield code="v">250.00</subfield>
    <subfield code="w">2011-10-28</subfield>
    <subfield code="y">PN</subfield>
  </datafield>
</record>
